=LDR 00000nam 2200000 4500 =001 NUTBA000000000003193 =005 20140806135525.0 =006 =007 =008 =020 ##$$a 979-8681-19-3 =035 ##$$a 0010-081400000000037 =040 ##$$a Ind =082 ##$$a 791.530 959 822 82 =090 ##$$a 791. 530 959 822 82$bHer w =100 ##$$a Hersapandi =245 ##$$a Wayang wong sriwedari$bDari istana manjadi seni komersial$cHersapandi =260 ##$$a Yogyakarta$bTarawang$c1999. =300 ##$$a Xxxii,275 HLm$bIlus$c21 cm. =850 ##$$a NBPNMAT =990 ##$$a 00088979 =990 ##$$a 0001/BPAP-NTB/20142014